000 00978nam a2200313Ia 4500
003 OSt
005 20220912150349.0
006 a|||||r|||| 00| 0
007 ta
008 220909b |||||||| |||| 00| 0 eng d
020 _a0387951660 (hbd)
024 _a8922
037 _cTextbook
040 _aCSL
_beng
_cCSL
041 _aeng
082 _aB2T5, P1;1 TB
100 _aChen Hong
245 0 _aFundamentals of queueing networks: Performance, asymptotics and optimization
260 _aNew York
_b Springer-Verlag
_c2001
300 _axvi, 405p.
_ccm. ill.
490 _aApplications of mathematics; 46
500 _aBibliographical references 399-400p; Includes bibliographical references; Index 401-405p
650 _a Queueing theory
650 _a Stochastic modelling
650 _aOperation research
700 _a Yao David D
942 _hB2T5, P1;1 TB
_cTB
_2CC
999 _c45999
_d45999